000 00721nam a2200205Ia 4500
005 20260121110226.0
008 008 260114s9999 xx 000 0 hin d
020 _a9788132360995
037 _aEBOOK
040 _aCRL
_bhin
_cCRL
041 _ahin
_2hin
084 _qCRL
100 _aराजेश त्रिपाठी / Rajesh Tripathi
_9943583
245 0 _aविश्व की प्रमुख संधियां एवं समझौते / Vishv Ki Pramukh Sandhiyan Aur Samjhaute
260 _bभाषा प्रकाशन / Bhasha Prakashan
_c2021
856 _uhttps://bhashaprakashan.com/product-details/379050
942 _cEBOOK
999 _c1535248
_d1535248